00932nam a22001937a 4500003000900000005001700009008004100026040001300067100002700080245004300107250000600150260002100156300001800177490000600195520040800201942001200609999001700621952010000638IT-RoPau20220918175940.0130204b xxu||||| |||| 00| 0 eng d cIT-RoPau aChiesa, Francesco9345 aPhilosophia moralisbIn usum scholarum aI aAlbabPSSPc1935 a538 p.c22 cm vI aIndex Lectio I. Praeliminaria Pars prima Ethica Caput primum De ultimo fine actionum humanarum Caput secundum De actibus humanis Caput tertium De moralitate actuum humanorum Pars secunda Ius naturae Sectio prima De officiis hominis erga Deum Sectio secunda De officiis hominis erga seipsum Sectio tertia De jure erga alios Caput primum De jure inividuali Caput secundum De jure sociali  2ddccBK c37964d37964 00102ddc406P_B571aPAULUSbPAULUSd2013-02-04l0oP B5r2013-02-04 00:00:00w2013-02-04yBK